000 00880nam a2200277 i 4500
001 C2-0249828
003 PPAK
005 20180727213649.0
008 030610s2002 caua|||| ||||| | eng d
020 _a0737711221
040 _aPPAK
_beng
_cPPAK
_erda
082 0 4 _a973.922
_223
090 0 0 _a973.922
_bCUB
_dR
245 0 4 _aThe Cuban missile crisis
264 1 _aSan Diego, California :
_bGreenhaven Press ,
_c2002
300 _a123 pages :
_billustrations ;
_c24 cm
336 _2rdacontent
_atext
337 _2rdamedia
_aunmediated
338 _2rdacarrier
_avolume
490 1 _aOpposing viewpoints series (at issue in history)
500 _aIncludes bibliographical references and index
650 1 0 _aCuban Missile Crisis, 1962 - Sources
700 1 _aMedina, Loreta M.,
_eeditor
830 0 _aOpposing viewpoints series (at issue in history)
942 _ddc
_cB
999 _c63224
_d63224